Vysoké Tatry Nové Štrbské Pleso 1320 m : Solisko 2414 m : Štrbský štít 2385 m : Patria 2205 m

Bibliographic Details
Format: Postcard
Language:Slovak
PhysicalDescription:1 pohľadnica čiernobiela 9 x 14 cm
Published: Bratislava Kriváň 1947
Subjects:

MARC

LEADER 00000nkm a2200000 a 4500
001 vtls011554630
003 SK-MaSNL
005 20260512122130.0
007 kp bo
008 231214s1947 xo g kuslo
015 |a SNBG1947 
035 |a urn:nbn:sk:snk-km00bk9w 
035 |a urn:nbn:sk:snk-km3lmuj 
035 |a 981C5BED-97BD-4BED-B0C8-9894C70A3779 
040 |a SNK  |b slo  |c SNK  |e AACR2 
041 0 |a slo 
043 |a e-xo--- 
044 |a xo  |c SK 
080 |a 908(437.6)  |2 2011 
080 |a 551.332.56(234.374.4)  |2 2011 
080 |a (084.121)  |2 2011 
245 0 0 |a Vysoké Tatry  |h grafika  |b Nové Štrbské Pleso 1320 m : Solisko 2414 m : Štrbský štít 2385 m : Patria 2205 m 
260 |a Bratislava  |b Kriváň  |c 1947 
300 |a 1 pohľadnica  |b čiernobiela  |c 9 x 14 cm 
651 7 |a Nové Štrbské pleso (Vysoké Tatry, Slovensko)  |2 SNKPH  |9 246163 
651 7 |a Solisko (Vysoké Tatry, Slovensko)  |2 SNKPH  |9 55580 
651 7 |a Štrbský štít (Vysoké Tatry, Slovensko)  |2 SNKPH  |9 55707 
651 7 |a Patria (Vysoké Tatry, Slovensko : štít)  |2 SNKPH  |9 160848 
655 7 |a miestne pohľadnice  |2 SNKPH  |9 70510 
852 |a Slovenská národná knižnica 
958 |a GC 
958 |a GBN 
958 |a OND 
999 |c 587239  |d 589169 
952 |a SNK  |b SNK  |y PREZ  |7 0  |p 17A1196380  |o snkSP 14820  |0 0  |1 0  |4 0  |d 2016-05-24  |f 1  |l 0  |r 2026-02-23 15:13:18  |w 2026-02-23